000 00571nam a22001817a 4500
005 20251108175014.0
008 250721s2011 xx 000 0 ara d
082 1 4 _a352.056511/محي
100 1 _aالمحيسن، زيد أحمد
_eمؤلف
245 1 0 _aالإدارة المحلية (اللامركزية الاقليمية) /
264 1 _aعمان :
_bالمؤلف،
_c2011.
300 _a100ص.
650 1 7 _aالحكومة المحلية
650 1 7 _aالبلديات
653 _aأمانة عمان الكبرى
942 _2ddc
_cBK
999 _c123746
_d123746